000 01218cam a2200217 a 4500
001 17116196
005 20260406134114.0
008 120111s2012 nyu b 001 0 eng
010 _a 2012001483
020 _a9781107008427 (hbk)
082 _a340.112 AND
100 1 _aAnderson, Owen
245 1 4 _aThe natural moral law :
_bthe good after modernity /
_cOwen Anderson
260 _aNew York :
_bCambridge University Press,
_c2012.
300 _axiii, 305 p. ;
_c24 cm.
365 _bRs. 5741.00
505 8 _aMachine generated contents note: 1. The postmodern challenge: from modernity to postmodernity; 2. Traditional natural law: differences in Aristotle and Aquinas; 3. Patterns in historical thinking about the good; 4. The challenge of modernity: religious wars and the need for universal law; 5. The challenges of naturalism: legal realism or natural law; 6. Objectivity without a metaphysical foundation; 7. Contemporary natural law: practical rationality and legal opinions; 8. Natural law as a theory with metaphysical baggage: postmodern law; 9. Natural law as the moral law; 10. Natural moral law in a postmodern world.
650 0 _aNatural law.
650 0 _aLaw and ethics.
942 _2ddc
_cBK
999 _c31336
_d31336